00934pam a2200313 a 4500001000400000003000600004005001700010008004100027010001700068020001500085020001800100040003000118042000900148050002500157082001200182100001900194245007200213260003900285300004600324440002000370505000600390520007300396521001900469521001800488650004200506650002600548650002200574700002400596496FISKH20250828102801.0940413s1994 ilua j 000 1 eng  a 94012245  a0516053655 a9780516229270 aDLCcDLCdDLCdFISKHbeng alcac00aPZ8.3.P125bIab 199400a4512201 aPackard, Mary.10aI am king! /cwritten by Mary Packard ; illustrated by Leonid Gore. aChicago :bChildrens Press,c1994. a31 pages :bcolor illustrations :c21 cm. 0aMy first reader aD aA little boy imagines he is a king in a castle, commanding his army.8 a190 bLexile 8 aD bRaz-Plus 1aKings, queens, rulers, etc.xFiction. 1aImaginationxFiction. 1aStories in rhyme.1 aGore, Leonid,eill.